000 00675nam a2200217 a 4500
001 BRCA_1302
005 20190320203351.0
008 230508s1990----uk-a---###---#000-0#eng-#
020 _a1852381205
050 4 _aNK9505.7
_b.M33 1990
100 1 _aMcConnel, Bridget
_94264
245 1 0 _aThimbles
_cBridget McConnel.
260 _aLondres
_bCharles Letts
_c1990
300 _a95 p.
_bil. a color
_c31 cm.
440 0 _aThe Letts Guide to Collecting
_94265
500 _aIncluye glosario e índice onomástico
650 1 4 _aDedales
_xHistoria
_ySiglo XI a XX
_94266
650 1 4 _aDedales
_xConservación
_94267
650 1 4 _aDedales
_vGuías
_xColeccionismo
_94268
942 _2lcc
_cB
999 _c1168
_d1168